000 00236nam a2200097 a 4500
005 20200930062652.0
008 110610s1921 000 spa d
245 0 _aViruela o alastrim.
260 _aSanto Domingo,
_c1921.
999 _c30535
_d30535
040 _aDO-SdBNP